007250000a22001690004500090001400000245007600014650004700090650003400137650003400171651002000205041001400225100003500239942001300274773002900287999001700316952022200333 aARb0221210aFumigación de cultivos ilícitos en Colombia: una opción trágica14aErradicación de cultivos ilicitos99571814aPolíticas nacionales92433314aFumigación química995719 4pColombia9927490 aEspañol1 aTokatlian, Juan Gabriel995720 cARTICULO1 tPreprint33q1-30d1999? c11284d11284 001040718HEMEROTECAaBogotabBogotad2015-02-27eAcademia Colombiana de Ciencias Exactas, Físicas y NaturaleshFuera de circulaciónl0oAR 02212p012598r2015-03-25 00:00:00t1w2015-03-25xDonaciónyARTICULO